000 00942nam a2200301 a 4500
003 AR-BaBNM
005 20251128205307.0
008 082120s2002 ||||||||||||||000 | spa||
040 _cAR-BaBNM
100 1 _aIsambert-Jamati, Viviane
245 0 0 _aCrises de la société
_bcrisis de l'enseignement : sociologie de l'enseignement secondaire français
250 _a1ª ed.
260 _aParís
_bPresses Universitaires de France
_c1970
300 _a400 p.
_btablas
490 0 _aBibliothèque de sociologie contemporaine
504 _aBibliografía: p. 343-370
650 4 _aHISTORIA DE LA EDUCACION
650 4 _aPOLITICA EDUCATIVA
650 4 _aFINALIDADES DE LA EDUCACION
650 4 _aCRISIS DE LA EDUCACION
650 4 _aSOCIOLOGIA DE LA EDUCACION
651 4 _aFrancia
653 _aSISTEMA EDUCATIVO
653 _aEDUCACION SECUNDARIA
800 1 _aBalandier, Georges
_edirector
942 _cBK
998 _csilvi
999 _c10783
_d10783